000 00694nam a22002537a 4500
001 BR6002391
003 BR-BrBNA
005 20230928095629.0
007 ta
008 230509b bl.||||| |||| 00| 0 por d
040 _aBR-BrBNA
_bpor
_cBiblioteca Nacional de Agricultura
041 _a(Por)
072 _aL73
_b7100
090 _ 7100 BR6002391
110 1 _aSecretaria da Agricultura, Florianopolis, SC (Brasil). Centro de Atividades Apicolas
_98382
245 1 _aCurso de patologia apicola
260 3 _aFlorianopolis, SC (Brasil):
_c1969.
300 _a15 p.
650 _aAbelha
650 _aColmeia
650 _aCurso
909 _a202309
_bLucia
_c55
_dLucia Elande
942 _cBK
999 _c57743
_d57743